[Event "POL-ch U16"]
[Site "Sypniewo"]
[Date "2022.03.25"]
[Round "7"]
[White "Karolczuk, Iwo"]
[Black "Czernecki, Andrzej"]
[Result "1-0"]
[WhiteElo "2328"]
[BlackElo "1848"]
[PlyCount "97"]
[EventDate "2022.03.19"]
[EventType "swiss"]
[EventRounds "9"]
[EventCountry "POL"]
[SourceTitle "CBM 207 Extra"]
[Source "ChessBase"]
[SourceDate "2022.05.31"]
[SourceVersion "1"]
[SourceVersionDate "2022.05.31"]
[SourceQuality "1"]

1. e4 c5 2. Nf3 Nc6 3. Bb5 g6 4. Bxc6 dxc6 5. d3 Bg7 6. Nc3 Nf6 7. h3 0-0 8. Be3 Nd7 9. Qd2 Qc7 10. 0-0 b6 11. Nh2 e5 12. Bh6 Nf6 13. Bxg7 Kxg7 14. Ne2 Nh5 15. Rae1 Be6 16. f4 exf4 17. Nxf4 Nxf4 18. Rxf4 Qd6 19. Nf3 f6 20. Rh4 Qe7 21. Qh6+ Kg8 22. e5 f5 23. Ng5 Rf7 24. Nxf7 Qxf7 25. Qg5 Rf8 26. b3 Qd7 27. Re3 Qd8 28. Qxd8 Rxd8 29. Ra4 Ra8 30. d4 cxd4 31. Rxd4 Kf7 32. c4 Ke7 33. Rd6 Rc8 34. h4 h6 35. Kf2 c5 36. Red3 Kf7 37. Rd8 Rc7 38. Rh8 Kg7 39. Re8 Bf7 40. Red8 Be6 41. R3d6 Re7 42. Kf3 Kf7 43. Kf4 Kg7 44. Rc6 Bf7 45. Rdd6 Be8 46. Re6 Rxe6 47. Rxe6 Kf7 48. Rf6+ Ke7 49. h5 1-0

[Event "POL-ch U16"]
[Site "Sypniewo"]
[Date "2022.03.20"]
[Round "2"]
[White "Czernecki, Andrzej"]
[Black "Kazmierowski, Tymon"]
[Result "0-1"]
[WhiteElo "1848"]
[BlackElo "2032"]
[PlyCount "100"]
[EventDate "2022.03.19"]
[EventType "swiss"]
[EventRounds "9"]
[EventCountry "POL"]
[SourceTitle "CBM 207 Extra"]
[Source "ChessBase"]
[SourceDate "2022.05.31"]
[SourceVersion "1"]
[SourceVersionDate "2022.05.31"]
[SourceQuality "1"]

1. e4 c5 2. Nc3 d6 3. d4 cxd4 4. Qxd4 Nc6 5. Qd2 g6 6. b3 Bh6 7. f4 Nf6 8. Bb2 0-0 9. Bd3 e5 10. Nge2 Re8 11. 0-0-0 exf4 12. Kb1 Bg4 13. h3 Bxe2 14. Bxe2 Nxe4 15. Nxe4 Rxe4 16. Bf3 Re3 17. Qxd6 Qxd6 18. Rxd6 Rae8 19. a3 R3e6 20. Rd7 R8e7 21. Rhd1 Bg7 22. Bxc6 bxc6 23. Rxe7 Rxe7 24. Rd8+ Bf8 25. Bf6 Re6 26. Bc3 f5 27. Bb4 Rf6 28. Kc1 Rf7 29. Rc8 Kg7 30. Bxf8+ Rxf8 31. Rxc6 Rf7 32. Kd2 Rd7+ 33. Ke2 g5 34. c4 Re7+ 35. Kf2 Re3 36. Rc7+ Kg6 37. Rxa7 Rxb3 38. a4 g4 39. a5 g3+ 40. Ke2 Rb2+ 41. Kf1 Rf2+ 42. Kg1 Rc2 43. Kf1 Rxc4 44. Ra6+ Kg5 45. Ra8 f3 46. gxf3 Kf4 47. Ke2 Rc2+ 48. Kd3 Ra2 49. a6 g2 50. Rg8 Kxf3 0-1

[Event "POL-ch U16"]
[Site "Sypniewo"]
[Date "2022.03.19"]
[Round "1"]
[White "Chyzy, Jakub"]
[Black "Czernecki, Andrzej"]
[Result "1/2-1/2"]
[WhiteElo "2227"]
[BlackElo "1848"]
[PlyCount "112"]
[EventDate "2022.03.19"]
[EventType "swiss"]
[EventRounds "9"]
[EventCountry "POL"]
[SourceTitle "CBM 207 Extra"]
[Source "ChessBase"]
[SourceDate "2022.05.31"]
[SourceVersion "1"]
[SourceVersionDate "2022.05.31"]
[SourceQuality "1"]

1. b3 d5 2. Bb2 c5 3. e3 Nf6 4. f4 Nc6 5. Bb5 e6 6. Nf3 Bd7 7. 0-0 Bd6 8. d3 0-0 9. Nbd2 a6 10. Bxc6 Bxc6 11. Ne5 Nd7 12. Qg4 Bxe5 13. fxe5 Qe7 14. Rf4 f5 15. exf6 Nxf6 16. Qh4 h6 17. Raf1 g5 18. Qg3 Nd7 19. h4 e5 20. Rxf8+ Rxf8 21. Rxf8+ Kxf8 22. Nf3 e4 23. dxe4 dxe4 24. Ne5 Nxe5 25. Bxe5 Kf7 26. Bd6 Qd7 27. Bxc5 Qd1+ 28. Kh2 Bd7 29. Qf2+ Kg6 30. Qf8 Qg4 31. hxg5 Qh4+ 32. Kg1 Qe1+ 33. Qf1 Qxf1+ 34. Kxf1 Kxg5 35. Ke2 h5 36. Kd2 Kg4 37. Bd6 Kf5 38. c4 Ke6 39. Bg3 b5 40. Kc3 bxc4 41. bxc4 a5 42. Kd4 Bc6 43. Kc5 Kd7 44. Kb6 a4 45. a3 Ba8 46. Ka7 Bc6 47. Kb8 Kd8 48. Bf4 Kd7 49. Bc7 Ba8 50. Bf4 Bc6 51. Ka7 Kc8 52. Kb6 Kd7 53. Kc5 Bb7 54. Kd4 Ke6 55. Kc3 Kd7 56. Bg5 Ba8 1/2-1/2

[Event "EU-ch Blitz"]
[Site "Katowice"]
[Date "2021.12.17"]
[Round "1"]
[White "Czernecki, Andrzej"]
[Black "Diermair, Andreas"]
[Result "0-1"]
[WhiteElo "1860"]
[BlackElo "2490"]
[PlyCount "54"]
[EventDate "2021.12.17"]
[EventType "swiss (blitz)"]
[EventRounds "22"]
[EventCountry "POL"]
[SourceTitle "CBM 205 Extra"]
[Source "ChessBase"]
[SourceDate "2022.01.31"]
[SourceVersion "1"]
[SourceVersionDate "2022.01.31"]
[SourceQuality "1"]

1. e4 e5 2. Nf3 Nc6 3. Bb5 a6 4. Ba4 Nf6 5. 0-0 Be7 6. Re1 b5 7. Bb3 0-0 8. c3 d6 9. d3 Na5 10. Bc2 c5 11. Nbd2 Nc6 12. a4 b4 13. Nf1 Re8 14. d4 cxd4 15. cxd4 Bg4 16. dxe5 dxe5 17. h3 Bh5 18. Be3 Rc8 19. Ng3 Bxf3 20. Qxf3 Nd4 21. Bxd4 Qxd4 22. Bd3 Qxb2 23. Bxa6 Rc3 24. Qf5 Bc5 25. Rab1 Qc2 26. Rf1 Qxa4 27. Bb7 Rxg3 0-1

[Event "POL-chT U20"]
[Site "Kudowa Zdroj"]
[Date "2018.07.23"]
[Round "3.15"]
[White "Czernecki, Andrzej"]
[Black "Oleksy, Krzysztof1"]
[Result "1/2-1/2"]
[WhiteElo "1472"]
[BlackElo "1813"]
[PlyCount "113"]
[EventDate "2018.07.21"]
[EventType "team-tourn"]
[EventRounds "9"]
[EventCountry "POL"]
[SourceTitle "CBM 186 Extra"]
[Source "ChessBase"]
[SourceDate "2018.08.24"]
[SourceVersion "1"]
[SourceVersionDate "2018.08.24"]
[SourceQuality "1"]

1. e4 c5 2. Nf3 d6 3. Bb5+ Bd7 4. Bxd7+ Qxd7 5. d4 cxd4 6. Qxd4 Nc6 7. Qd3 Nf6 8. 0-0 g6 9. c4 Bg7 10. h3 0-0 11. Nc3 Rac8 12. Rb1 Nb4 13. Qe2 Na6 14. Rd1 Qc6 15. b3 Nc5 16. Nd5 Nxd5 17. exd5 Qd7 18. Bb2 Rfe8 19. Bxg7 Kxg7 20. Nd4 a5 21. Qb2 Kg8 22. Qc3 a4 23. Re1 Ra8 24. Ra1 e5 25. dxe6 fxe6 26. Qg3 axb3 27. axb3 Rxa1 28. Rxa1 Ne4 29. Qf3 d5 30. Rd1 Rf8 31. Qe3 Nxf2 32. Rf1 Ne4 33. Rxf8+ Kxf8 34. Qf4+ Ke7 35. Qe5 Nf6 36. c5 Kf7 37. b4 Ke7 38. b5 Kf7 39. c6 bxc6 40. bxc6 Qc8 41. c7 Ke7 42. Nxe6 Nd7 43. Qxd5 Nb6 44. Qc5+ Kxe6 45. Qxb6+ Kd7 46. Kf2 Qxc7 47. Qxc7+ Kxc7 48. Ke3 Kd7 49. Kf4 Ke6 50. Ke4 h6 51. g3 Kf6 52. Kd5 Kf5 53. Kd4 g5 54. Ke3 h5 55. Kf3 h4 56. gxh4 gxh4 57. Ke3 1/2-1/2

[Event "POL-chT U20"]
[Site "Kudowa Zdroj"]
[Date "2018.07.22"]
[Round "2.15"]
[White "Redzisz, Michal"]
[Black "Czernecki, Andrzej"]
[Result "1-0"]
[WhiteElo "1937"]
[BlackElo "1472"]
[PlyCount "67"]
[EventDate "2018.07.21"]
[EventType "team-tourn"]
[EventRounds "9"]
[EventCountry "POL"]
[SourceTitle "CBM 186 Extra"]
[Source "ChessBase"]
[SourceDate "2018.08.24"]
[SourceVersion "1"]
[SourceVersionDate "2018.08.24"]
[SourceQuality "1"]

1. e4 c5 2. Nf3 d6 3. d4 cxd4 4. Nxd4 Nf6 5. Nc3 Nc6 6. Bg5 e6 7. Qd2 a6 8. 0-0-0 Bd7 9. f4 h6 10. Bh4 Nxe4 11. Qe1 Nf6 12. Nf5 Qa5 13. Nxd6+ Bxd6 14. Rxd6 Nb4 15. a3 Nbd5 16. Qe5 Bc6 17. Nxd5 Bxd5 18. c4 Rc8 19. Bd3 Qa4 20. Bxf6 Bxc4 21. Bxc4 Qxc4+ 22. Kb1 Qc2+ 23. Ka1 gxf6 24. Qxf6 Qxg2 25. Rhd1 0-0 26. R6d3 Qxh2 27. f5 e5 28. R3d2 Qg3 29. Qxh6 Qg7 30. Qh2 Rc4 31. Rg1 Rg4 32. Rxg4 Qxg4 33. Rg2 Qxg2 34. Qxg2+ 1-0

[Event "EU School-ch U11"]
[Site "Budva"]
[Date "2017.06.12"]
[Round "2.2"]
[White "Czernecki, Andrzej"]
[Black "Akin, Yagiz Cinar"]
[Result "0-1"]
[WhiteElo "1516"]
[BlackElo "1824"]
[PlyCount "25"]
[EventDate "2017.06.11"]
[EventType "swiss"]
[EventRounds "9"]
[EventCountry "MNE"]
[SourceTitle "EXT 2024"]
[Source "ChessBase"]
[SourceDate "2023.10.10"]
[SourceVersion "1"]
[SourceVersionDate "2023.10.10"]
[SourceQuality "1"]

1. e4 c5 2. Nf3 Nc6 3. d4 cxd4 4. Nxd4 Nf6 5. Nc3 d6 6. f3 e5 7. Nb3 Be7 8. Be3 0-0 9. Qd2 a5 10. a4 Be6 11. 0-0-0 Nb4 12. Kb1 Rc8 13. Bd3 0-1